Maxwell -এর আলোকে - বিধিবদ্ধ আইনের ব্যাখ্যা/ (Record no. 7318)
[ view plain ]
| 000 -LEADER | |
|---|---|
| fixed length control field | 00794nam a22001937a 4500 |
| 003 - CONTROL NUMBER IDENTIFIER | |
| control field | BUBTL |
| 008 - FIXED-LENGTH DATA ELEMENTS--GENERAL INFORMATION | |
| fixed length control field | 240510b ||||| |||| 00| 0 eng d |
| 041 ## - LANGUAGE CODE | |
| Language code of text/sound track or separate title | বাংলা ও ইংরেজী |
| 082 ## - DEWEY DECIMAL CLASSIFICATION NUMBER | |
| Edition number | ১ম সং |
| Classification number | 346.013/ H7949i/ 2007 |
| 100 ## - MAIN ENTRY--PERSONAL NAME | |
| 9 (RLIN) | 5412 |
| Personal name | অধ্যক্ষ মোঃ আলতাফ হোসেন |
| 245 ## - TITLE STATEMENT | |
| Title | Maxwell -এর আলোকে - বিধিবদ্ধ আইনের ব্যাখ্যা/ |
| Remainder of title | অধ্যক্ষ মোঃ আলতাফ হোসেন |
| 250 ## - EDITION STATEMENT | |
| Edition statement | ১ম সং |
| 260 ## - PUBLICATION, DISTRIBUTION, ETC. (IMPRINT) | |
| Place of publication, distribution, etc. | ঢাকা, |
| Name of publisher, distributor, etc. | ইউনির্ভাসির্টি পাবলিকেশন্স |
| Date of publication, distribution, etc. | c007 |
| 300 ## - PHYSICAL DESCRIPTION | |
| Extent | [11], 243 p. : |
| Other physical details | ill. ; 21 cm. |
| 526 ## - STUDY PROGRAM INFORMATION NOTE | |
| Program name | Law |
| 650 #0 - SUBJECT ADDED ENTRY--TOPICAL TERM | |
| 9 (RLIN) | 2102 |
| Topical term or geographic name as entry element | Law |
| 856 ## - ELECTRONIC LOCATION AND ACCESS | |
| Password | 0 |
| Logon | 0 |
| Link text | Download |
| 942 ## - ADDED ENTRY ELEMENTS (KOHA) | |
| Source of classification or shelving scheme | |
| Koha item type | Books |
| Withdrawn status | Lost status | Source of classification or shelving scheme | Damaged status | Not for loan | Collection code | Permanent location | Current location | Shelving location | Date acquired | Source of acquisition | Inventory number | Total Checkouts | Full call number | Barcode | Date last seen | Copy number | Price effective from | Koha item type |
|---|---|---|---|---|---|---|---|---|---|---|---|---|---|---|---|---|---|---|
| Non-fiction | Bangladesh University of Business and Technology Library | Bangladesh University of Business and Technology Library | Law Stacks | 01/27/2008 | Purchase | 5127 | 346.013/ H7949i/ 2007 | BUBTL-20035127 | 05/10/2024 | C-1 | 05/10/2024 | Books | ||||||
| Not For Loan | Non-fiction | Bangladesh University of Business and Technology Library | Bangladesh University of Business and Technology Library | Law Stacks | 01/27/2008 | Purchase | 5128 | 346.013/ H7949i/ 2007 | BUBTL-20035128 | 05/10/2024 | C-2 | 05/10/2024 | Books |
